000 00317nam a22001337a 4500
008 181031b xxu||||| |||| 00| 0 eng d
020 _a0801670683
041 _aeng
080 _23rd
_a616
100 _a9
101 _aPAT
245 _aThe Lung. Radiologic-Pathologic Correlations
_cGroskin, S.A
942 _2udc
_cBK
999 _c51288
_d51288